Anar al contingut

Кормопроизводство

Пособие предназначено для обучающихся факультета агротехнологий и агробизнеса по направлению подготовки 35.03.07 «Технология производства и переработки продукции сельскохозяйственного производства»...

Descripció completa

Guardat en:
Dades bibliogràfiques
Autor principal: Конищева Е. Н.
Format: Книга
Idioma:Russian
Publicat: Иваново Верхневолжский ГАУ 2023
Accés en línia:https://e.lanbook.com/book/421421
https://e.lanbook.com/img/cover/book/421421.jpg
Etiquetes: Afegir etiqueta
Sense etiquetes, Sigues el primer a etiquetar aquest registre!
LEADER 01300nam0a2200253 i 4500
001 421421
003 RuSpLAN
005 20240712144410.0
008 240712s2023 ru gs 000 0 rus
040 |a RuSpLAN 
041 0 |a rus 
044 |a ru 
080 |a 633.2/4 
245 0 0 |a Кормопроизводство  |c Конищева Е. Н. 
260 |a Иваново  |b Верхневолжский ГАУ  |c 2023 
300 |a 108 с. 
504 |a Библиогр.: доступна в карточке книги, на сайте ЭБС Лань 
520 8 |a Пособие предназначено для обучающихся факультета агротехнологий и агробизнеса по направлению подготовки 35.03.07 «Технология производства и переработки продукции сельскохозяйственного производства» 
521 8 |a Книга из коллекции Верхневолжский ГАУ - Ветеринария и сельское хозяйство 
521 8 |a СЭБ 
100 1 |a Конищева Е. Н. 
856 4 |u https://e.lanbook.com/book/421421 
856 4 8 |u https://e.lanbook.com/img/cover/book/421421.jpg 
953 |a https://e.lanbook.com/img/cover/book/421421.jpg 
Cannot write session to /tmp/vufind_sessions/sess_34r5teimlkhcojpnc3b0tu6psv